000 00615nam a22002297a 4500
003 UA-OsUOA
001 93012
007 ta
008 20130110b un ||||| |||| 00| 0 ukr d
100 _aБарышев М.
090 _a821.161.1
_bБ26
942 _cBK
040 _aUA-OsUOA
_brus
_cUA-OsUOA
_dUA-OsUOA
245 _aЛистья на скалах
_bроман, повести
300 _a368 с.
955 _a3
041 _arus
080 _a821.161.1
260 _aМ.
_bВоениздат
_c1983
650 7 _a82 Література. Літературознавство
_2UDC
999 _c378968
_d378968